| 000 | 01188cad a22002655a 4500 | ||
|---|---|---|---|
| 001 | L147170 | ||
| 008 | 090408s2009 xxkad f s 000 0 eng d | ||
| 035 | _a(Sirsi) u147170 | ||
| 041 | 0 | _aeng | |
| 050 | 0 | 4 | _a333.33 $2 18 |
| 110 | 2 |
_aCB Richard Ellis _93675 |
|
| 245 | 0 | 0 |
_aEMEA industrial and logistics _bmarket view _h[electronic resource] |
| 260 |
_aLondon _bCBRE _c2009 |
||
| 490 | 0 | _aCB Richard Ellis EMEA Industrial and Logistics Market View | |
| 520 | _aReports that demand is weakening for industrial and logistics property, with occupiers also trying to cut costs through restructuring leases and rationalising the use of buildings. Quality and flexibility of buildings is therefore becoming more important, and the need to upgrade is producing the requirement for more efficient buildings. | ||
| 521 | _aAdvanced | ||
| 590 | _aKA | ||
| 650 | 2 | 4 | _aCB RICHARD ELLIS EMEA INDUSTRIAL AND LOGISTICS MARKET VIEW |
| 651 | 4 | _aEurope | |
| 651 | 4 | _aMiddle East | |
| 651 | 4 | _aAfrica | |
| 690 | _aPROPERTY-COMMERCIAL PROPERTY-COMMERCIAL PROPERTY MARKET | ||
| 856 | 4 | 0 |
_uhttps://www.cbre.co.uk/ _zView the report free of charge under research at www.cbre.co.uk... |
| 942 | _n0 | ||
| 999 |
_c109469 _d109469 |
||